| 000 | 00454nam a22001457a 4500 | ||
|---|---|---|---|
| 003 | OSt | ||
| 005 | 20251121093238.0 | ||
| 008 | 251121b |||||||| |||| 00| 0 eng d | ||
| 020 | _a978-1-47111-773-2 | ||
| 040 |
_aDWC-Main lib. _cOC |
||
| 245 |
_aDork diaries : omg! : _ball about me diary with Nikki Russell and Erin Russell/ |
||
| 260 |
_aLondon : _bSimon & Schuster UK Ltd., _cc2013. |
||
| 300 |
_a265 pages ; _c20 cm. |
||
| 942 |
_2ddc _cFIC. _hFic. _n0 |
||
| 999 |
_c5954 _d5954 |
||